The Hindu at home: (Record no. 11603)

MARC details
000 -LEADER
fixed length control field 00735 a2200217 4500
010 ## - LIBRARY OF CONGRESS CONTROL NUMBER
LC control number ENG-89893
020 ## - INTERNATIONAL STANDARD BOOK NUMBER
International Standard Book Number 8180901408
Terms of availability 450.00
035 ## - SYSTEM CONTROL NUMBER
System control number EN-73426
037 ## - SOURCE OF ACQUISITION
Source of stock number/acquisition DBAD / PUB
082 14 - DEWEY DECIMAL CLASSIFICATION NUMBER
Classification number 230
090 ## - LOCALLY ASSIGNED LC-TYPE CALL NUMBER (OCLC); LOCAL CALL NUMBER (OCLC)
-- 11957
-- 11957
100 1# - MAIN ENTRY--PERSONAL NAME
Personal name Padfield, J.E.
245 1# - TITLE STATEMENT
Title The Hindu at home:
Statement of responsibility, etc by J.E. Padfield
Remainder of title (Hindu acarakandam)/
250 ## - EDITION STATEMENT
Edition statement rev. ed
260 ## - PUBLICATION, DISTRIBUTION, ETC. (IMPRINT)
Place of publication, distribution, etc Delhi
Name of publisher, distributor, etc Bharatiya Kala Prakashan
Date of publication, distribution, etc 2007
270 ## - ADDRESS
Address 3421-A, IInd Floor, Narang Colony, Tri Nagar
City Delhi
State or province Delhi
Postal code 110035
Telephone number 27393083, 30967505
300 ## - PHYSICAL DESCRIPTION
Extent vii, 277p.
Dimensions 21 cm. (Hb)
500 ## - GENERAL NOTE
General note Includes glossary & index
942 ## - ADDED ENTRY ELEMENTS (KOHA)
Institution code [OBSOLETE] dpl
Koha item type English Books
Call number prefix 230 / PAD
Holdings
Withdrawn status Lost status Source of classification or shelving scheme Damaged status Not for loan Collection code Home library Current library Source of acquisition Cost, normal purchase price Total Checkouts Full call number Barcode Date last seen Copy number Uniform Resource Identifier Cost, replacement price Price effective from Koha item type
    Dewey Decimal Classification   Not For Loan Non-fiction D.B.Act.Division D.B.Act.Division DBAD/PUB 450.00   230 EN-73426 15/09/2008 1 12717 450.00 15/09/2008 English Books

© Delhi Public Library
Hit Counter
free hit counter